Microorganismos

Furkejuvvon:
Bibliográfalaš dieđut
Váldodahkki: Gutiérrez-Vázquez, J. M (Dahkki)
Materiálatiipa: Girji
Giella:espánnjágiella
Almmustuhtton: Washington, D.C OEA 1976
Preanttus:2a. ed
Ráidu:Serie de Biología, 6
Fáttát:
Fáddágilkorat: Lasit fáddágilkoriid
Eai fáddágilkorat, Lasit vuosttaš fáddágilkora!

MARC

LEADER 00000cam a2200000 a 4500
001 UCS8613
003 CL-VaPUC
008 971107e19760000US |||||||||||||||||spa|d
082 0 4 |a 576  |b GUT  |2 21 
100 |a Gutiérrez-Vázquez, J. M  |e author  |9 543413 
245 1 0 |a Microorganismos 
250 |a 2a. ed 
300 |a 79 p 
942 |c BK 
945 |d 19971107 00:00:00  |a rleighto 
260 |a Washington, D.C  |b OEA  |c 1976 
650 0 |a Microbiología   |9 259706 
650 0 |a Microorganismos  |9 264259 
650 0 |a Microbios  |9 326597 
650 0 |a Antibiosis  |9 360587 
650 0 |a Antibióticos  |9 263034 
650 0 |a Biología molecular  |9 269677 
650 0 |a Moléculas   |9 259584 
650 0 |a Virus  |9 316452 
650 0 |a Ecología microbiana  |9 269811 
583 |a last modification  |c 20160422 12:59:56  |k Rodrigo Vera 
490 0 |a Serie de Biología, 6 
999 |c 262918  |d 262916 
952 |0 0  |1 0  |4 0  |6 576_000000000000000_GUT_1976  |7 0  |8 P  |9 291959  |a BIBEDU  |b BIBEDU  |c BIBEDU_PB  |d 2019-11-19  |i 3362531  |o 576 GUT 1976  |p 3362531  |r 2024-01-25  |w 2019-11-19  |y BK  |k EDU 
952 |0 0  |1 0  |3 erb  |4 0  |6 576_000000000000000_GUT_1976  |7 0  |8 A  |9 291960  |a BIBAGR  |b BIBAGR  |i 5282845  |o 576 GUT 1976  |p 5282845  |r 2025-01-20  |w 2019-11-19  |y BK  |z Catalogado en:20160428  |k AGR